000 01114nam a2200265Ia 4500
003 OSt
005 20220930094738.0
006 a|||||r|||| 00| 0
007 ta
008 220926b |||||||| |||| 00| 0 hin d
024 _a10399
037 _cTheses
040 _aCRL
_cCRL
_bhin
041 _2hin
_ahin
100 _aधनंजय कुमार, ले.
110 _aदिल्ली विश्वविद्यालय. कला संकाय. हिन्दी विभाग
245 0 _aमीरा और महादेवी वर्मा की प्रेम - व्यंजना का तुलनात्मक अध्ययन
246 _aMīrā aur mahādevī varmā kī prem - vyanjanā kā tulanātmak adhyayana
260 _c2012
300 _a308पृ0
_ap.
_ccm.
650 _aहिन्दी साहित्य
700 _aदिल्ली विश्वविद्यालय. कला संकाय. हिन्दी विभाग
942 _cDIS
_2CC
999 _c887602
_d887602